Statistics for Jeopardy Questions that Ken Jennings Missed

Click here to take the quiz!

General Stats

  • This quiz has been taken 29,212 times
  • The average score is 9 of 20

Answer Stats

PromptAnswer% Correct
The hottest planet, on averageVenus
94%
The closest country to Greenland is this one, a mere 16 miles awayCanada
91%
Texan David Pay has written over 300 alphabetic characters on a single grain of this!Rice
82%
Cameroon, Congo & this country all border the Central African Republic
Note: category is "C Countries"
Chad
81%
Some people mentally add "L-Y" to this brand of super-comfy Australian sheepskin bootsUgg
54%
In April 1939 this country absorbed AlbaniaItaly
51%
During this 8-day Jewish observance, the eating of hametz,
leavened bread, is prohibited
Passover
48%
Myopia is the medical term for thisNearsightedness
46%
The Germans invaded this country on Aug. 4, 1914 & were soon accused of atrocities thereBelgium
42%
Literally French for "house", it often goes into the name of a restaurantMaison
39%
In a smart move, he arranged a marriage between his daughter Julia & Pompey the GreatJulius Caesar
38%
Among its numerous city squares are Leidse, known for its cafes,
& Rembrandt, known for its cabarets
Amsterdam
37%
This quill-covered insectivore which resembles a porcupine rolls up
into a ball when frightened
Hedgehog
37%
This island group is the UK's northernmost part; most inhabitants are
of Scandinavian ancestry
Shetlands
37%
The U.S. company Trek makes Lance Armstrong's bikes from a composite
of this often-compounded element
Carbon
33%
Neoprene is a synthetic type of this materialRubber
30%
A port city, Seattle is a sister to this port city of KenyaMombasa
27%
When this eel-like fish bites & attaches itself to another fish,
an anticoagulating fluid keeps the wound open
Lamprey
19%
Living up to its name, this Thai fish also called the betta
will even attack its own reflection in a mirror
Siamese
Fighting Fish
18%
From the Arabic for "old man", it's the head of a family, tribe or villageSheik
11%

Score Distribution

Percentile by Number Answered

Percent of People with Each Score

Your Score History

You have not taken this quiz